000 00316nam a22001337a 4500
008 171106b xxu||||| |||| 00| 0 eng d
020 _a9780072472967
041 _aeng
080 _a330.722.6
100 _a62
101 _aKON
245 _aFUNDAMENTAL FINANCIAL ACCOUNTING CONCEPTS
_cEDMONDS
942 _2udc
_cBK
999 _c37914
_d37914